[Event "HUN-chT2 Barcza 1819"]
[Site "Hungary"]
[Date "2019.01.27"]
[Round "6.6"]
[White "Galgovics, Andras"]
[Black "Toth, Tibor3333"]
[Result "0-1"]
[WhiteElo "1915"]
[BlackElo "1877"]
[PlyCount "106"]
[EventDate "2018.09.23"]
[EventType "team-tourn"]
[EventRounds "11"]
[EventCountry "HUN"]
[SourceTitle "CBM 189 Extra"]
[Source "ChessBase"]
[SourceDate "2019.06.03"]
[SourceVersion "1"]
[SourceVersionDate "2019.06.03"]
[SourceQuality "1"]
[WhiteTeam "Kazincbarcika"]
[BlackTeam "Nyiregyhaza"]
[WhiteTeamCountry "HUN"]
[BlackTeamCountry "HUN"]

1. d4 Nf6 2. c4 g6 3. Nc3 d5 4. Bg5 Ne4 5. Nxe4 dxe4 6. f4 h6 7. Bh4 e3 8. Qd3 Bg7 9. Nf3 c5 10. Qxe3 cxd4 11. Qd2 Nc6 12. Rd1 Bg4 13. h3 Bxf3 14. exf3 Qd6 15. Bd3 g5 16. fxg5 hxg5 17. Bf2 0-0-0 18. 0-0 Be5 19. a3 Kb8 20. b4 Bf4 21. Qe2 Ne5 22. c5 Qd5 23. Be4 d3 24. Rxd3 Qxd3 25. Bxd3 Rxd3 26. b5 f5 27. c6 Rd2 28. Qe1 Rxh3 29. Qxd2 Nxf3+ 30. gxf3 Bxd2 31. Kg2 Rh6 32. cxb7 Rd6 33. Bc5 Rd5 34. Bxe7 Rxb5 35. Rd1 Rb2 36. Kf1 Rc2 37. Ke2 Bf4+ 38. Kd3 Rc7 39. Bb4 Rd7+ 40. Kc2 Rxd1 41. Kxd1 Kxb7 42. Kc2 Kc6 43. Kd3 g4 44. fxg4 fxg4 45. Ke4 Bd6 46. Bxd6 Kxd6 47. Kf4 Kc5 48. Kxg4 Kb5 49. Kf4 Ka4 50. Ke4 Kxa3 51. Kd4 Kb3 52. Kd3 a5 53. Kd2 Kb2 0-1

[Event "HUN-chT2 Barcza 1617"]
[Site "Hungary"]
[Date "2017.02.12"]
[Round "8.5"]
[White "Galgovics, Andras"]
[Black "Acs, Gabor"]
[Result "0-1"]
[WhiteElo "1911"]
[BlackElo "2145"]
[PlyCount "104"]
[EventDate "2016.09.25"]
[EventType "team-tourn"]
[EventRounds "11"]
[EventCountry "HUN"]
[SourceTitle "EXT 2021"]
[Source "ChessBase"]
[SourceDate "2020.10.23"]
[SourceVersion "1"]
[SourceVersionDate "2020.10.23"]
[SourceQuality "1"]
[WhiteTeam "Sajobabony"]
[BlackTeam "Lillafured DVTK II"]
[WhiteTeamCountry "HUN"]
[BlackTeamCountry "HUN"]

1. d4 d5 2. c4 e6 3. Nc3 c6 4. c5 Nf6 5. Bg5 Be7 6. e3 0-0 7. f4 b6 8. b4 bxc5 9. bxc5 Qa5 10. Qd2 h6 11. Bh4 Ba6 12. Nf3 Nbd7 13. h3 Rab8 14. Bxa6 Qxa6 15. Kf2 Qa3 16. Kg1 Rb3 17. axb3 Qxa1+ 18. Kh2 Qa6 19. Qc2 Rb8 20. Bxf6 Bxf6 21. Nb1 Rb5 22. Nbd2 Ra5 23. Rb1 Ra2 24. Qc3 Bd8 25. b4 Bc7 26. Rb2 Rxb2 27. Qxb2 g5 28. Ne5 Bxe5 29. dxe5 Qd3 30. Qd4 Qxd4 31. exd4 gxf4 32. Nb3 Nb8 33. Na5 a6 34. Nb7 Kf8 35. Kg1 f6 36. exf6 Kf7 37. Kf2 Kxf6 38. Kf3 e5 39. Kg4 exd4 40. Kxf4 Nd7 41. Nd8 Ne5 42. g4 Nd3+ 43. Kf3 Nxb4 44. h4 a5 45. Ke2 a4 46. Kd1 a3 47. Kc1 a2 48. Kb2 d3 49. g5+ hxg5 50. hxg5+ Kxg5 51. Ne6+ Kg4 52. Nd4 Nc2 0-1

[Event "HUN-chT2 Barcza 1617"]
[Site "Hungary"]
[Date "2016.11.13"]
[Round "4.7"]
[White "Ruboczki, Tibor"]
[Black "Galgovics, Andras"]
[Result "1/2-1/2"]
[WhiteElo "2067"]
[BlackElo "1911"]
[PlyCount "26"]
[EventDate "2016.09.25"]
[EventType "team-tourn"]
[EventRounds "11"]
[EventCountry "HUN"]
[SourceTitle "EXT 2021"]
[Source "ChessBase"]
[SourceDate "2020.10.23"]
[SourceVersion "1"]
[SourceVersionDate "2020.10.23"]
[SourceQuality "1"]
[WhiteTeam "Nyiregyhaza SISE"]
[BlackTeam "Sajobabony"]
[WhiteTeamCountry "HUN"]
[BlackTeamCountry "HUN"]

1. d4 Nf6 2. Nf3 g6 3. c4 Bg7 4. Nc3 d6 5. e4 0-0 6. Be2 Nbd7 7. 0-0 e5 8. Re1 c5 9. d5 Ne8 10. a3 a5 11. h4 f5 12. Ng5 Ndf6 13. Bf3 h6 1/2-1/2

[Event "HUN-chT2 Barcza 1516"]
[Site "Hungary"]
[Date "2015.09.13"]
[Round "1.8"]
[White "Lengyel, Laszlo"]
[Black "Galgovics, Andras"]
[Result "1-0"]
[WhiteElo "2029"]
[BlackElo "1924"]
[PlyCount "91"]
[EventDate "2015.09.13"]
[EventType "team-tourn"]
[EventRounds "11"]
[EventCountry "HUN"]
[SourceTitle "CBM 170 Extra"]
[Source "ChessBase"]
[SourceDate "2016.02.25"]
[SourceVersion "1"]
[SourceVersionDate "2016.02.25"]
[SourceQuality "1"]
[WhiteTeam "Tiszavasvar"]
[BlackTeam "SSASSE"]
[WhiteTeamCountry "HUN"]
[BlackTeamCountry "HUN"]

1. e4 c6 2. d4 d5 3. e5 Qb6 4. Nc3 h5 5. Nf3 Bg4 6. Be2 e6 7. 0-0 c5 8. Na4 Qa5 9. c3 cxd4 10. cxd4 Nc6 11. a3 a6 12. b4 Qc7 13. Rb1 b5 14. Nc5 Bxc5 15. bxc5 Nge7 16. Bb2 Nf5 17. Bc3 h4 18. h3 Bxf3 19. Bxf3 0-0 20. Bg4 Nce7 21. Re1 Rfb8 22. Qd3 Rb7 23. Rb2 Rab8 24. Qd2 Nh6 25. Be2 Nc6 26. Reb1 Nf5 27. Bg4 Nh6 28. Bd1 Qe7 29. Bc2 f5 30. a4 g5 31. axb5 axb5 32. Qd3 b4 33. Qa6 Nd8 34. Rxb4 Rxb4 35. Rxb4 Qc7 36. Rxb8 Qxb8 37. Qb6 Qa8 38. Qa5 Qc8 39. Ba4 Nhf7 40. Bb5 Nc6 41. Qb6 Nfd8 42. Ba5 Nxd4 43. Ba6 Qd7 44. Qxd8+ Qxd8 45. Bxd8 Kf7 46. Bxg5 1-0

[Event "HUN-chT2 Barcza 1415"]
[Site "Hungary"]
[Date "2015.02.08"]
[Round "?"]
[White "Laszlo, Zoltan"]
[Black "Galgovics, Andras"]
[Result "1-0"]
[WhiteElo "2005"]
[BlackElo "1939"]
[PlyCount "69"]
[EventDate "2014.09.07"]
[EventType "team-tourn"]
[EventRounds "11"]
[EventCountry "HUN"]
[SourceTitle "EXT 2016"]
[Source "ChessBase"]
[SourceDate "2015.10.08"]
[SourceVersion "1"]
[SourceVersionDate "2015.10.08"]
[SourceQuality "1"]
[WhiteTeam "Miskolc Sakkiskola"]
[BlackTeam "Sajobabony"]
[WhiteTeamCountry "HUN"]
[BlackTeamCountry "HUN"]

1. e4 c6 2. Nf3 d5 3. Nc3 dxe4 4. Nxe4 Bf5 5. Ng3 Bg6 6. h4 h6 7. h5 Bh7 8. d4 Nd7 9. Bd3 Bxd3 10. Qxd3 Ngf6 11. Be3 e6 12. 0-0-0 Bd6 13. Kb1 Qc7 14. Ne4 Nxe4 15. Qxe4 Nf6 16. Qd3 b5 17. Nd2 a5 18. Ne4 Nd5 19. g3 b4 20. f4 a4 21. c4 bxc3 22. Nxc3 0-0 23. Nxd5 cxd5 24. Rc1 Qb7 25. g4 Rfc8 26. g5 Rab8 27. Rxc8+ Rxc8 28. gxh6 Rb8 29. Rh2 gxh6 30. Rg2+ Kh8 31. f5 e5 32. Bxh6 e4 33. Bg7+ Kh7 34. Qe3 f6 35. Qh6+ 1-0

[Event "HUN-chT2 Barcza 1415"]
[Site "Hungary"]
[Date "2014.11.30"]
[Round "5"]
[White "Galgovics, Andras"]
[Black "Toth, Gabor"]
[Result "0-1"]
[WhiteElo "1939"]
[BlackElo "2193"]
[PlyCount "72"]
[EventDate "2014.09.07"]
[EventType "team-tourn"]
[EventRounds "11"]
[EventCountry "HUN"]
[SourceTitle "EXT 2016"]
[Source "ChessBase"]
[SourceDate "2015.10.08"]
[SourceVersion "1"]
[SourceVersionDate "2015.10.08"]
[SourceQuality "1"]
[WhiteTeam "Sajobabony"]
[BlackTeam "Hajduszoboszlo"]
[WhiteTeamCountry "HUN"]
[BlackTeamCountry "HUN"]

1. d4 d5 2. c4 c6 3. Nc3 Nf6 4. Bg5 dxc4 5. Bxf6 exf6 6. a4 Bb4 7. e4 b5 8. d5 cxd5 9. exd5 0-0 10. Be2 Bb7 11. Bf3 Nd7 12. Nge2 Ne5 13. Be4 f5 14. Bxf5 Qg5 15. Ng3 Nd3+ 16. Bxd3 cxd3 17. 0-0 Bxc3 18. bxc3 Qxd5 19. f3 Rfc8 20. axb5 Qxb5 21. Rb1 Qd7 22. Qd2 a5 23. Rfd1 Ba6 24. Qg5 Qd8 25. Qe5 Qc7 26. Qxc7 Rxc7 27. Ra1 Bc4 28. Ne4 a4 29. Kf2 a3 30. Nd2 Be6 31. Ke3 Rxc3 32. Kd4 Rac8 33. g4 a2 34. Ne4 Ra3 35. Rd2 Rb8 36. Nc3 Rd8+ 0-1

[Event "HUN-chT2 Barcza 1415"]
[Site "Hungary"]
[Date "2014.11.16"]
[Round "?"]
[White "Galgovics, Andras"]
[Black "Botragyi, Tibor"]
[Result "0-1"]
[WhiteElo "1939"]
[BlackElo "2050"]
[PlyCount "68"]
[EventDate "2014.09.07"]
[EventType "team-tourn"]
[EventRounds "11"]
[EventCountry "HUN"]
[SourceTitle "EXT 2016"]
[Source "ChessBase"]
[SourceDate "2015.10.08"]
[SourceVersion "1"]
[SourceVersionDate "2015.10.08"]
[SourceQuality "1"]
[WhiteTeam "Sajobabony"]
[BlackTeam "Debrecen Sakkbaratok"]
[WhiteTeamCountry "HUN"]
[BlackTeamCountry "HUN"]

1. d4 Nf6 2. c4 g6 3. Nc3 d5 4. c5 Bg7 5. Bg5 0-0 6. e3 c6 7. Bd3 Nbd7 8. f4 Qa5 9. a3 Re8 10. Nf3 Ng4 11. Qd2 f6 12. Bh4 e5 13. h3 exd4 14. hxg4 dxc3 15. bxc3 Nxc5 16. Nd4 Bxg4 17. Kf2 Ne4+ 18. Bxe4 Rxe4 19. Rab1 Qc7 20. Nb3 Rae8 21. Rhe1 b6 22. Nd4 c5 23. Nb5 Qd7 24. c4 Rxc4 25. Nc3 d4 26. exd4 Rxd4 27. Rxe8+ Qxe8 28. Qa2+ Be6 29. Re1 Kf7 30. Qe2 Rxf4+ 31. Kg3 g5 32. Qh5+ Kf8 33. Qxe8+ Kxe8 34. Rxe6+ Kd7 0-1

[Event "HUN-chT2 Barcza 1415"]
[Site "Hungary"]
[Date "2014.10.12"]
[Round "?"]
[White "Galgovics, Andras"]
[Black "Magi, Tibor"]
[Result "1/2-1/2"]
[WhiteElo "1939"]
[BlackElo "1845"]
[PlyCount "36"]
[EventDate "2014.09.07"]
[EventType "team-tourn"]
[EventRounds "11"]
[EventCountry "HUN"]
[SourceTitle "EXT 2016"]
[Source "ChessBase"]
[SourceDate "2015.10.08"]
[SourceVersion "1"]
[SourceVersionDate "2015.10.08"]
[SourceQuality "1"]
[WhiteTeam "Sajobabony"]
[BlackTeam "Nadudvar"]
[WhiteTeamCountry "HUN"]
[BlackTeamCountry "HUN"]

1. d4 Nf6 2. c4 c6 3. Nc3 d5 4. Bg5 Nbd7 5. c5 Qc7 6. e3 e5 7. b4 Be7 8. Nf3 0-0 9. dxe5 Nxe5 10. Bf4 Nxf3+ 11. Qxf3 Qd7 12. Bd3 Qg4 13. Qxg4 Bxg4 14. h3 Be6 15. 0-0 b6 16. Na4 bxc5 17. Nxc5 Bxc5 18. bxc5 Ne4 1/2-1/2

[Event "HUN-chT2 Barcza 1415"]
[Site "Hungary"]
[Date "2014.09.21"]
[Round "?"]
[White "Lengyel, Laszlo"]
[Black "Galgovics, Andras"]
[Result "1-0"]
[WhiteElo "1949"]
[BlackElo "1939"]
[PlyCount "57"]
[EventDate "2014.09.07"]
[EventType "team-tourn"]
[EventRounds "11"]
[EventCountry "HUN"]
[SourceTitle "EXT 2016"]
[Source "ChessBase"]
[SourceDate "2015.10.08"]
[SourceVersion "1"]
[SourceVersionDate "2015.10.08"]
[SourceQuality "1"]
[WhiteTeam "Tiszavasvar"]
[BlackTeam "Sajobabony"]
[WhiteTeamCountry "HUN"]
[BlackTeamCountry "HUN"]

1. e4 c6 2. d4 d5 3. e5 Qb6 4. Nc3 h5 5. f4 Bg4 6. Nge2 e6 7. h3 Bxe2 8. Bxe2 h4 9. 0-0 c5 10. Na4 Qa5 11. Nxc5 Bxc5 12. dxc5 Qxc5+ 13. Kh1 Nh6 14. Bd3 Nc6 15. c3 Ne7 16. Qa4+ Kf8 17. Bd2 Nhf5 18. Be1 a6 19. c4 dxc4 20. Bxf5 exf5 21. Bb4 Qb5 22. Qa3 Re8 23. Rad1 f6 24. exf6 gxf6 25. Bxe7+ Kf7 26. Rfe1 c3 27. Qxc3 Rxe7 28. Rxe7+ Kxe7 29. Qc7+ 1-0

[Event "HUN-chT2 Barcza 1314"]
[Site "Hungary"]
[Date "2013.09.08"]
[Round "1"]
[White "Galgovics, Andras"]
[Black "Kovacs, Istvan2222"]
[Result "0-1"]
[WhiteElo "1966"]
[BlackElo "1970"]
[PlyCount "88"]
[EventDate "2013.09.08"]
[EventType "team-tourn"]
[EventRounds "11"]
[EventCountry "HUN"]
[SourceTitle "EXT 2016"]
[Source "ChessBase"]
[SourceDate "2015.10.08"]
[SourceVersion "1"]
[SourceVersionDate "2015.10.08"]
[SourceQuality "1"]
[WhiteTeam "Miskolc EMSE"]
[BlackTeam "Debrecen Sakkiskola"]
[WhiteTeamCountry "HUN"]
[BlackTeamCountry "HUN"]

1. d4 d5 2. c4 e6 3. Nc3 Nf6 4. Bg5 Be7 5. c5 0-0 6. e3 b6 7. b4 a5 8. a3 Bb7 9. Be2 Ne4 10. Nxe4 dxe4 11. Bxe7 Qxe7 12. f4 axb4 13. axb4 Rxa1 14. Qxa1 Bd5 15. Bb5 Nd7 16. Qc1 Ra8 17. Ne2 c6 18. Bc4 Bxc4 19. Qxc4 b5 20. Qc2 Ra1+ 21. Nc1 Nf6 22. 0-0 Qa7 23. f5 exf5 24. Rxf5 Qa3 25. Rf1 Qxe3+ 26. Kh1 Nd5 27. Qb2 Qc3 28. Qf2 f6 29. Ne2 Rxf1+ 30. Qxf1 Qxb4 31. h3 Qc4 32. Kh2 b4 33. Ng3 Qxd4 34. Qf5 Ne7 35. Qe6+ Kf8 36. Nxe4 Qe5+ 37. Qxe5 fxe5 38. Kg3 Nd5 39. Nd2 Ke7 40. Kf3 Ke6 41. Ke4 Nc3+ 42. Kd3 Kd5 43. Kc2 Kxc5 44. Nf3 Kd5 0-1

[Event "HUN-chT2 Maroczy 1112"]
[Site "Hungary"]
[Date "2012.03.11"]
[Round "7"]
[White "Metaxasz, Vaszilisz"]
[Black "Galgovics, Andras"]
[Result "1-0"]
[WhiteElo "2165"]
[BlackElo "1979"]
[PlyCount "67"]
[EventDate "2011.09.25"]
[EventType "team-tourn"]
[EventRounds "11"]
[EventCountry "HUN"]
[SourceTitle "EXT 2013"]
[Source "ChessBase"]
[SourceDate "2012.11.22"]
[SourceVersion "1"]
[SourceVersionDate "2012.11.22"]
[SourceQuality "1"]
[WhiteTeam "Taban Spartacus"]
[BlackTeam "Miskolc EMSE"]
[WhiteTeamCountry "HUN"]
[BlackTeamCountry "HUN"]

1. c4 Nf6 2. g3 g6 3. Bg2 Bg7 4. Nc3 c5 5. a3 d6 6. b4 cxb4 7. axb4 0-0 8. Rb1 Nbd7 9. Nf3 a5 10. bxa5 Rxa5 11. 0-0 e5 12. d3 Nc5 13. Nd2 Bd7 14. Nb3 Nxb3 15. Qxb3 Bc6 16. Be3 Qa8 17. Bb6 Ra3 18. Qb4 Ne8 19. c5 d5 20. Nxd5 Ra4 21. Qb3 Ra3 22. Qc4 Ra4 23. Rb4 Ra1 24. Rfb1 Kh8 25. Ne7 f5 26. Nxc6 bxc6 27. Qe6 Qa2 28. Qxa2 Rxa2 29. Kf1 Rf6 30. Bd8 Re6 31. Rb8 e4 32. dxe4 fxe4 33. Bh3 Re5 34. Bc7 1-0

[Event "HUN-chT2 Maroczy 1011"]
[Site "Hungary"]
[Date "2011.04.10"]
[Round "8"]
[White "Antal, Laszlo"]
[Black "Galgovics, Andras"]
[Result "1-0"]
[WhiteElo "2199"]
[BlackElo "1997"]
[PlyCount "109"]
[EventDate "2010.09.12"]
[EventType "team-tourn"]
[EventRounds "11"]
[EventCountry "HUN"]
[SourceTitle "EXT 2012"]
[Source "ChessBase"]
[SourceDate "2011.11.24"]
[SourceVersion "1"]
[SourceVersionDate "2011.11.24"]
[SourceQuality "1"]
[WhiteTeam "Fuzesabony"]
[BlackTeam "Miskolc EMSE"]
[WhiteTeamCountry "HUN"]
[BlackTeamCountry "HUN"]

1. e4 c6 2. d4 d5 3. e5 Qb6 4. Nc3 h5 5. Na4 Qc7 6. Be3 Bf5 7. Bd3 Bxd3 8. Qxd3 e6 9. Nf3 Ne7 10. 0-0 Nf5 11. b3 Nd7 12. c4 dxc4 13. bxc4 c5 14. d5 Nxe3 15. Qxe3 0-0-0 16. dxe6 fxe6 17. Ng5 Re8 18. f4 Rh6 19. Nf7 Qc6 20. Nxh6 Qxa4 21. Nf7 Qxc4 22. Rfc1 Qa6 23. Rd1 Kc7 24. Nd6 Rd8 25. Rab1 b6 26. Qb3 Bxd6 27. exd6+ Kb8 28. Qxe6 Nf6 29. Rb2 Qc8 30. f5 Rd7 31. Qc4 Qc6 32. Qf4 Kb7 33. Re2 Nd5 34. Qf3 Nf6 35. Qd3 c4 36. Qd4 b5 37. Re7 Qb6 38. Rxd7+ Nxd7 39. Kf1 Qxd4 40. Rxd4 Kc6 41. Ke2 a5 42. Rh4 Nf6 43. Rd4 Nd7 44. Kd1 c3 45. Kc2 b4 46. a3 Kc5 47. Rh4 Nf6 48. axb4+ axb4 49. Rxh5 Kxd6 50. Rg5 Ke5 51. g4 Ne8 52. Rg6 Kf4 53. h4 Kg3 54. h5 Kf4 55. Rxg7 1-0

[Event "HUN-chT2 Maroczy 1011"]
[Site "Hungary"]
[Date "2010.10.24"]
[Round "4"]
[White "Barcsi, Judit"]
[Black "Galgovics, Andras"]
[Result "1-0"]
[WhiteElo "2073"]
[BlackElo "1997"]
[PlyCount "43"]
[EventDate "2010.09.12"]
[EventType "team-tourn"]
[EventRounds "11"]
[EventCountry "HUN"]
[SourceTitle "EXT 2012"]
[Source "ChessBase"]
[SourceDate "2011.11.24"]
[SourceVersion "1"]
[SourceVersionDate "2011.11.24"]
[SourceQuality "1"]
[WhiteTeam "Maroczy"]
[BlackTeam "Miskolc EMSE"]
[WhiteTeamCountry "HUN"]
[BlackTeamCountry "HUN"]

1. e4 c6 2. d4 d5 3. Nd2 dxe4 4. Nxe4 Bf5 5. Ng3 Bg6 6. f4 e6 7. Nf3 Nd7 8. Bc4 Ngf6 9. Qe2 Be7 10. c3 b5 11. Bb3 Qb6 12. a4 a5 13. 0-0 b4 14. c4 h5 15. Re1 Ng8 16. c5 Qc7 17. f5 exf5 18. Nh4 Ndf6 19. Ngxf5 Kf8 20. Nxg6+ fxg6 21. Qe6 Bd8 22. Bf4 1-0

[Event "HUN-chT2 Barcza 0910"]
[Site "Hungary"]
[Date "2010.05.02"]
[Round "11.3"]
[White "Galgovics, Andras"]
[Black "Barabas, Tibor"]
[Result "0-1"]
[WhiteElo "2043"]
[BlackElo "2097"]
[PlyCount "128"]
[EventDate "2009.11.08"]
[EventType "team-tourn"]
[EventRounds "11"]
[EventCountry "HUN"]
[SourceTitle "EXT 2011"]
[Source "ChessBase"]
[SourceDate "2010.11.26"]
[SourceVersion "1"]
[SourceVersionDate "2010.11.26"]
[SourceQuality "1"]
[WhiteTeam "Miskolc"]
[BlackTeam "Mezokovesd"]
[WhiteTeamCountry "HUN"]
[BlackTeamCountry "HUN"]

1. d4 Nf6 2. c4 e6 3. Nc3 Bb4 4. a3 Bxc3+ 5. bxc3 c5 6. f3 d5 7. cxd5 exd5 8. dxc5 Qa5 9. Bd2 0-0 10. c4 Qc7 11. cxd5 Nxd5 12. e4 Nf4 13. Bxf4 Qxf4 14. Qd2 Qf6 15. Rc1 Rd8 16. Qc3 Qg5 17. Ne2 Na6 18. c6 b6 19. h4 Qe7 20. Nf4 Nc5 21. Kf2 Be6 22. Nxe6 fxe6 23. h5 Rac8 24. h6 Rxc6 25. Kg1 gxh6 26. Rxh6 Qg7 27. Rh4 Qxc3 28. Rxc3 Rd1 29. g3 Rcd6 30. Kf2 R6d2+ 31. Be2 Ra1 32. Ke3 Rda2 33. Rg4+ Kh8 34. Bc4 Rxa3 35. Rxa3 Rxa3+ 36. Kf4 Rc3 37. Bb5 Nd3+ 38. Bxd3 Rxd3 39. Ke5 Rxf3 40. Kxe6 a5 41. e5 b5 42. Kd5 Rd3+ 43. Ke4 Rc3 44. Kf5 Rf3+ 45. Ke4 Rf8 46. e6 b4 47. Kd3 Re8 48. Re4 Kg7 49. Re5 a4 50. Re4 Rb8 51. e7 Kf7 52. Rh4 b3 53. Rxh7+ Kg6 54. Rh1 b2 55. Kc2 a3 56. Kb1 Kf6 57. Re1 Kf7 58. Ka2 Ke8 59. Rb1 Ra8 60. Re1 Rc8 61. Kb1 Rc4 62. Rh1 Kxe7 63. Rh7+ Kd6 64. Rb7 Rc1+ 0-1

[Event "HUN-chT2 Barcza 0910"]
[Site "Hungary"]
[Date "2010.04.18"]
[Round "10.3"]
[White "Benedek, Zoltan"]
[Black "Galgovics, Andras"]
[Result "1-0"]
[WhiteElo "2204"]
[BlackElo "2043"]
[PlyCount "93"]
[EventDate "2009.11.08"]
[EventType "team-tourn"]
[EventRounds "11"]
[EventCountry "HUN"]
[SourceTitle "EXT 2011"]
[Source "ChessBase"]
[SourceDate "2010.11.26"]
[SourceVersion "1"]
[SourceVersionDate "2010.11.26"]
[SourceQuality "1"]
[WhiteTeam "Edeleny"]
[BlackTeam "Miskolc"]
[WhiteTeamCountry "HUN"]
[BlackTeamCountry "HUN"]

1. d4 Nf6 2. Nf3 g6 3. c4 Bg7 4. Nc3 d6 5. e4 0-0 6. Be2 c5 7. 0-0 Nbd7 8. h3 e5 9. dxe5 dxe5 10. Bg5 h6 11. Be3 Qe7 12. Ne1 a6 13. a3 b6 14. Qc2 Bb7 15. Rb1 a5 16. Bf3 Rfd8 17. Nd3 Nf8 18. b4 Ba6 19. Na4 Qe6 20. Rfc1 Qxc4 21. Qxc4 Bxc4 22. Rxc4 b5 23. Rxc5 bxa4 24. Nxe5 axb4 25. Rxb4 Ra6 26. Be2 Raa8 27. Nc6 Rd7 28. Rcc4 Ne6 29. Rxa4 Rxa4 30. Rxa4 Rc7 31. Bb5 Bf8 32. f3 Nc5 33. Ra8 Kg7 34. Rxf8 Kxf8 35. Bxc5+ Kg8 36. a4 Nd7 37. Be3 g5 38. Kf2 f6 39. Ke2 Kf7 40. a5 Rb7 41. Bc4+ Ke8 42. Bd4 Rc7 43. Bd5 Ne5 44. Nxe5 fxe5 45. Bxe5 Ra7 46. Bc3 Kd7 47. Kd3 1-0

[Event "HUN-chT2 Barcza 0910"]
[Site "Hungary"]
[Date "2009.12.20"]
[Round "4.3"]
[White "Galgovics, Andras"]
[Black "Ag, Norbert"]
[Result "1-0"]
[WhiteElo "2043"]
[BlackElo "2241"]
[PlyCount "83"]
[EventDate "2009.11.08"]
[EventType "team-tourn"]
[EventRounds "11"]
[EventCountry "HUN"]
[SourceTitle "EXT 2011"]
[Source "ChessBase"]
[SourceDate "2010.11.26"]
[SourceVersion "1"]
[SourceVersionDate "2010.11.26"]
[SourceQuality "1"]
[WhiteTeam "Miskolc"]
[BlackTeam "DEAC"]
[WhiteTeamCountry "HUN"]
[BlackTeamCountry "HUN"]

1. e4 c6 2. d4 d5 3. exd5 cxd5 4. Bd3 Nc6 5. c3 Qb6 6. Qb3 Qxb3 7. axb3 Nf6 8. Bf4 a6 9. b4 Bd7 10. b5 Nb8 11. Nf3 Ne4 12. Nbd2 Nxd2 13. Kxd2 f6 14. h4 Bg4 15. b4 Bxf3 16. gxf3 g6 17. bxa6 bxa6 18. Ra5 e6 19. b5 Kf7 20. Rha1 Be7 21. R5a2 Nd7 22. Rxa6 Rxa6 23. bxa6 e5 24. Be3 exd4 25. Bxd4 Ne5 26. a7 Ra8 27. Bb5 Nxf3+ 28. Ke3 Nxd4 29. Kxd4 Bd8 30. Kc5 f5 31. Bc6 Rc8 32. a8Q Rxa8 33. Bxd5+ Kg7 34. Rxa8 Bxh4 35. Ra2 g5 36. Kd6 Kf6 37. c4 g4 38. c5 g3 39. fxg3 Bxg3+ 40. Kd7 Ke5 41. Bf3 Kf4 42. Ra3 1-0

[Event "HUN-chT2 Barcza 0910"]
[Site "Hungary"]
[Date "2009.11.22"]
[Round "2.3"]
[White "Baranyai, Szabolcs Jr"]
[Black "Galgovics, Andras"]
[Result "1-0"]
[WhiteElo "2269"]
[BlackElo "2043"]
[PlyCount "59"]
[EventDate "2009.11.08"]
[EventType "team-tourn"]
[EventRounds "11"]
[EventCountry "HUN"]
[SourceTitle "EXT 2011"]
[Source "ChessBase"]
[SourceDate "2010.11.26"]
[SourceVersion "1"]
[SourceVersionDate "2010.11.26"]
[SourceQuality "1"]
[WhiteTeam "HSSE"]
[BlackTeam "Miskolc"]
[WhiteTeamCountry "HUN"]
[BlackTeamCountry "HUN"]

1. e4 c6 2. d4 d5 3. Nc3 dxe4 4. Nxe4 Bf5 5. Ng3 Bg6 6. Bc4 e6 7. N1e2 Bd6 8. h4 h6 9. Nf4 Bxf4 10. Bxf4 Nf6 11. Qd2 Nbd7 12. Bd3 Bxd3 13. Qxd3 0-0 14. 0-0-0 b5 15. Ne4 Nxe4 16. Qxe4 Qb6 17. g4 Nf6 18. Qf3 c5 19. dxc5 Qxc5 20. Bd6 Qc4 21. Bxf8 Rxf8 22. g5 Nd5 23. Kb1 Rc8 24. Qd3 Qf4 25. gxh6 Qxh6 26. Qd2 Qh7 27. h5 f6 28. Qd3 Qh6 29. Qe4 Kf7 30. Rxd5 1-0

[Event "HUN-chT2 Maroczy 0910"]
[Site "Hungary"]
[Date "2009.11.08"]
[Round "1"]
[White "Pap, Peter"]
[Black "Galgovics, Andras"]
[Result "1-0"]
[WhiteElo "2125"]
[BlackElo "2043"]
[PlyCount "71"]
[EventDate "2009.11.08"]
[EventType "team-tourn"]
[EventRounds "11"]
[EventCountry "HUN"]
[SourceTitle "EXT 2011"]
[Source "ChessBase"]
[SourceDate "2010.11.26"]
[SourceVersion "1"]
[SourceVersionDate "2010.11.26"]
[SourceQuality "1"]
[WhiteTeam "Maroczy"]
[BlackTeam "Miskolc EMSE"]
[WhiteTeamCountry "HUN"]
[BlackTeamCountry "HUN"]

1. e4 c6 2. d4 d5 3. e5 Qb6 4. c4 dxc4 5. Bxc4 Bf5 6. Nc3 e6 7. Nf3 Bb4 8. 0-0 Bxc3 9. bxc3 Qa5 10. Qb3 Qc7 11. Ba3 b5 12. Be2 Ne7 13. Bd6 Qd7 14. a4 Nc8 15. Bc5 Na6 16. axb5 Nxc5 17. dxc5 0-0 18. bxc6 Qxc6 19. Nd4 Qc7 20. Bf3 Rb8 21. Qa3 Bd3 22. Rfe1 a6 23. Nc6 Rb5 24. Qxa6 Bc4 25. Ra4 Rb4 26. cxb4 Bxa6 27. Rxa6 Ne7 28. Ra7 Qxc6 29. Bxc6 Nxc6 30. Rb7 Ra8 31. g3 Nd4 32. Kg2 g5 33. Rd1 Nc6 34. b5 Nxe5 35. c6 Kg7 36. c7 1-0

[Event "HUN-chT2 Barcza 0809"]
[Site "Hungary"]
[Date "2009.02.22"]
[Round "8.4"]
[White "Szilagyi, Tibor"]
[Black "Galgovics, Andras"]
[Result "1/2-1/2"]
[WhiteElo "2064"]
[BlackElo "2043"]
[PlyCount "32"]
[EventDate "2008.10.26"]
[EventType "team-tourn"]
[EventRounds "11"]
[EventCountry "HUN"]
[SourceTitle "EXT 2010"]
[Source "ChessBase"]
[SourceDate "2010.11.25"]
[SourceVersion "1"]
[SourceVersionDate "2010.11.25"]
[SourceQuality "1"]
[WhiteTeam "TEVA SE"]
[BlackTeam "Miskolc EMSE II"]
[WhiteTeamCountry "HUN"]
[BlackTeamCountry "HUN"]

1. e4 c6 2. d4 d5 3. Nc3 dxe4 4. Nxe4 Bf5 5. Ng3 Bg6 6. h4 h6 7. h5 Bh7 8. Nf3 Nd7 9. Bd3 Bxd3 10. Qxd3 Ngf6 11. Bf4 e6 12. 0-0-0 Nd5 13. Bd2 b5 14. Ne4 N7f6 15. Ne5 Qc7 16. Kb1 0-0-0 1/2-1/2